The 92 - 2020-21 Quiz Stats

 Plays Quiz not verified by Sporcle

Support Sporcle.
Go Orange.
Score 0/92 Timer 12:00
0 Plays Today
Division Club % Correct
Premier LeagueArsenal
98.6%
Premier LeagueManchester United
98.3%
Premier LeagueManchester City
98.2%
Premier LeagueLiverpool
97.8%
Premier LeagueChelsea
97.7%
Premier LeagueAston Villa
97%
Premier LeagueTottenham Hotspur
96.4%
Premier LeagueWest Ham United
96.4%
Premier LeagueEverton
96.3%
Premier LeagueLeeds United
95.7%
Premier LeagueFulham
95.6%
Premier LeagueNewcastle United
95.4%
Premier LeagueWest Bromwich Albion
95.4%
Premier LeagueLeicester City
95.2%
Premier LeagueBrighton & Hove Albion
94.9%
Premier LeagueWolverhampton Wanderers
94.7%
Premier LeagueBurnley
94.3%
Premier LeagueSouthampton
94.3%
Premier LeagueSheffield United
92.9%
Premier LeagueCrystal Palace
92.7%
ChampionshipNorwich City
90.9%
League OneSunderland
87.8%
ChampionshipBournemouth
87.7%
ChampionshipSwansea City
87.1%
ChampionshipSheffield Wednesday
87.1%
ChampionshipCardiff City
86.8%
ChampionshipDerby County
85.3%
ChampionshipNottingham Forest
85.1%
ChampionshipWatford
85%
ChampionshipBirmingham City
84.7%
League OnePortsmouth
83.4%
Division Club % Correct
ChampionshipBlackburn Rovers
83%
ChampionshipQueens Park Rangers
82.9%
ChampionshipMiddlesbrough
81.9%
League TwoBolton Wanderers
80.7%
ChampionshipBrentford
79.9%
League OneIpswich Town
79.8%
ChampionshipStoke City
79.7%
League OneHull City
79.3%
ChampionshipBarnsley
78.2%
ChampionshipReading
77.6%
ChampionshipBristol City
75.9%
League OneWigan Athletic
75.4%
ChampionshipHuddersfield Town
75.3%
League OneBlackpool
74.6%
League OneCharlton Athletic
73.4%
ChampionshipWycombe Wanderers
72%
ChampionshipLuton Town
71.2%
ChampionshipCoventry City
71%
League OneBristol Rovers
69.9%
League OneAFC Wimbledon
69.5%
ChampionshipMillwall
69.3%
League OnePlymouth Argyle
68.6%
ChampionshipPreston North End
68.5%
League OneOxford United
67.2%
League TwoBradford City
66.4%
League OneMilton Keynes Dons
65.7%
League OneAccrington Stanley
65.6%
League TwoOldham Athletic
63.8%
League TwoTranmere Rovers
63.2%
League OneSwindon Town
61.6%
ChampionshipRotherham United
61.5%
Division Club % Correct
League TwoExeter City
60.2%
League TwoCambridge United
58%
League OneDoncaster Rovers
57.5%
League OneNorthampton Town
57.3%
League TwoCarlisle United
57.2%
League OneGillingham
56.8%
League OnePeterborough United
56.6%
League TwoSalford City
56.6%
League OneLincoln City
55.7%
League TwoColchester United
53.1%
League TwoLeyton Orient
51.7%
League OneCrewe Alexandra
51.1%
League TwoNewport County
50.6%
League TwoSouthend United
50.4%
League OneBurton Albion
50.4%
League TwoGrimsby Town
49.9%
League TwoPort Vale
49.8%
League TwoForest Green Rovers
49.7%
League OneFleetwood Town
49%
League OneRochdale
48.3%
League TwoMansfield Town
47.6%
League TwoWalsall
46.3%
League TwoCheltenham Town
46%
League TwoScunthorpe United
43.7%
League OneShrewsbury Town
43.7%
League TwoMorecambe
42.4%
League TwoCrawley Town
41.2%
League TwoStevenage
40.9%
League TwoHarrogate Town
38.9%
League TwoBarrow
38.3%

You're not logged in!

Compare scores with friends on all Sporcle quizzes.
OR
Log In

From the Vault

Old Photos: Which One Is It?

by MSUKent

You know what they say about stealing old photos. "It's the one thing you can't replace."
Remove Ads.
Support Sporcle.
Get the best of Sporcle when you Go Orange. This ad-free experience offers more features, more stats, and more fun while also helping to support Sporcle. Thank you for becoming a member.

Show Comments

Extras

Top Quizzes Today


Score Distribution

Your Account Isn't Verified!

In order to create a playlist on Sporcle, you need to verify the email address you used during registration. Go to your Sporcle Settings to finish the process.

Report this User

Report this user for behavior that violates our Community Guidelines.

Details: